000 02393nam0a2200349 4500
001 RU\NLR\BIBL_A\012863910
005 20220822133256.0
010 _a978-5-94396-217-2
021 _aRU
_bКН-П-22-035870
_9КН-П-22-3072
035 _a(NLR Aleph) 012863910
035 _a(RuMoRGB)011098702
090 _a12468210
_c12468210
100 _a20220810d2021 u y0rusy50 ca
101 0 _arus
102 _aRU
105 _ay z 000zy
181 0 _ai4
_baxxe
182 0 _an
200 1 _aМонолента
_fС. К. К.
203 _aТекст
_bвизуальный
_cнепосредственный
210 _aСанкт-Петербург
_cАкадемия исследований культуры
_d2021
215 _a23 с.
_d16
300 _aНа обороте тит. с. в аннот. авт.: C. К. К. (Сергей Кудрин)
330 _aC. К. К. (Сергей Кудрин) родился в 1993 году в Перми, Россия. Литератор. Живет в Санкт-Петербурге. Окончил Пермский Государственный университет по специальности экономика (бакалавриат), философия (магистратура). Аспирант 3 курса Санкт-Петербургского государственного университета по направлению <Философия, этика и религиоведение> на кафедре онтологии и теории познания. Автор девяти поэтических сборников и одной коллективной поэмы, составитель антологии <Стихи на грани> в четырех частях, вышедшей в издательстве <Академия исследования культуры> (Санкт-Петербург). Написал 58 статей по философским, искусствоведческим и религиоведческим темам различного статуса
675 _a821.161.1-3
_v4
686 2 _aШ6(2=Р)8-748
700 0 _aС. К. К.
_cпсевдоним
_cлитератор
_f1993-
_3RU\NLR\AUTH\770231138
942 _cBOOK
980 _aNB